000 00875nam a2200277Ia 4500
003 GCL
008 140319s9999 xx 000 0 ara d
040 _aGCL /
_cGCL
082 0 4 _a140
_bأ أ
100 1 _aامام عبدالفتاح امام
245 1 0 _aافكار ومواقف /
_cامام عبدالفتاح امام
250 _aالاولى
260 _aالقاهرة :
_bمكتبة مدبولى ،
_c1996
300 _a746 ص
490 _aالهيئة العامة للاستعلامات
_v0
650 0 4 _aالماركسية
650 0 4 _aالفلسفة الاسلامية
650 0 4 _aالثقافة
650 0 4 _aالدين والفلسفة
650 0 4 _aالمجتمع العربى
650 0 4 _aنجيب محفوظ
650 0 4 _aالانفعال
650 0 4 _aالاطفال - علم نفس
650 0 4 _aالتوكل
942 _2ddc
_cBK
999 _c48303
_d48303